zpět

Detail výsledku týmu

KD Zliv, Zliv

Datum a čas kvízu

13.5 Celkem bodů Celkový počet nahraných bodů na tomto kvízu bez doplňovacích otázek.
8. Pořadí na kvízu Konečné umístění týmu na tomto kvízu.

Zaznamenané odpovědi

# Otázka Odpověď Body Výsledky
1. Který z bývalých premiérů Česk... Jiří Paroubek 0
2. Jistá evropská metropole si zř... Vídeň 0
3. Dům U kamenného zvonu v Praze... Frida Kahlo 1
4. Firma Apple opět vzbudila pozo... Čisticí hadřík. 0
5. Vyprodáno. Podle očekávání sle... Seattle Kraken 0
6. Toto téma začneme manželkami k... 1B 2C 3A 4D 0
7. Přesuneme se ke Králi popu. Ja... The Jackson 5 1
8. Jak se nazývá klub, za který h... West Ham United FC 1
9. Mnoho deskových her využívá kr... Shogi 0
10. V roce 2021 streamovací platfo... Král Šamanů (Shaman King) 0